000
00241nam a2200097Ia 4500
008
231212s1999 xx 000 0 und d
041
_a
eng
100
_a
Grob
245
_a
Basic Television & Video Systems
260
_a
New Delhi
_b
Prentic
_c
1999
999
_c
966393
_d
966393